000 006590000a22001930004500
999 _c54147
_d54147
001 768714001
003 CO-MdFUSB
005 20170814095711.0
008 170814s2000 xxu||||| |||| 00| 0 eng d
022 _a0098-9444
040 _aCO-MdFUSB
_bspa
_cCO-MdFUSB
_dCO-MdFUSB
041 _aeng
100 1 _aWeiss, Zeev
_eautor
245 1 0 _aThe sepphoris synagogue mosaic :
_b Abraham, the temple and sun God- They're all in there
300 _aVolumen 26. Número 5 (2000), Páginas 48-61
_c28 cm.
546 _aTexto en inglés
773 0 _tBiblical Archaeology Review
_049395
_959472
_gVolumen 26. Número 5 (2000), Páginas 48-61
_qPágina 48
942 _cANA